LEADER 00915cam0 2200277 450 001 E600200040684 005 20210601084309.0 100 $a20081009d1968 |||||ita|0103 ba 101 $aita 102 $aIT 200 1 $aMemorie$fGiovanni Mira$gpref. Luigi Salvatorelli 210 $aVicenza$cNeri Pozza$d1968 215 $a139 p.$d22 cm 225 2 $aNuova Biblioteca di cultura$v31 410 1$1001LAEC00015325$12001 $a*Nuova Biblioteca di cultura$v31 700 1$aMira$b, Giovanni$3A600200040834$4070$07055 702 1$aSalvatorelli, Luigi$3AF00013672$4070 801 0$aIT$bUNISOB$c20210601$gRICA 850 $aUNISOB 852 $aUNISOB$j320$m17344 912 $aE600200040684 940 $aM 102 Monografia moderna SBN 941 $aM 957 $a320$b000534$gSi$d17344$rAcquisto$1pregresso2$2UNISOB$3UNISOB$420081009142358.0$520191216145713.0$6Spinosa 996 $aMemorie$91685260 997 $aUNISOB